Top 100 baby girl names in 1950 - Statistics

General Stats
  • This quiz has been taken 142 times
  • The average score is 57 of 100
Answer Stats
Hint Answer % Correct
72 M Marie
97%
2 M Mary
97%
84 A Anne
96%
64 J Jo
91%
1 L Linda
90%
4 B Barbara
88%
3 P Patricia
88%
39 J Jane
84%
5 S Susan
84%
71 S Suzanne
84%
9 C Carol
83%
34 C Catherine
83%
48 J Jean
83%
58 K Katherine
83%
46 K Kathryn
83%
15 M Margaret
83%
24 E Elizabeth
82%
45 A Ann
81%
88 S Sarah
80%
40 J Joan
79%
98 J Joann
79%
67 J Joanne
79%
73 M Maria
79%
6 N Nancy
79%
12 K Karen
75%
63 L Laura
75%
20 C Carolyn
74%
28 C Christine
72%
18 J Janet
72%
14 B Brenda
70%
47 D Diana
70%
90 D Dianne
69%
13 D Donna
69%
59 D Debra
67%
69 R Rose
67%
16 D Diane
66%
8 S Sandra
66%
36 R Rebecca
65%
94 V Victoria
65%
93 A Anna
64%
95 J Jeanne
64%
54 P Paula
64%
35 D Dorothy
63%
11 S Sharon
62%
22 J Janice
61%
17 P Pamela
61%
66 E Ellen
58%
57 A Alice
57%
50 H Helen
57%
10 K Kathleen
57%
26 B Betty
56%
51 F Frances
56%
21 J Judith
54%
25 J Judy
54%
49 R Ruth
54%
81 T Teresa
53%
65 T Theresa
53%
80 C Charlotte
52%
19 S Shirley
52%
75 C Cathy
49%
27 J Joyce
49%
38 K Kathy
49%
7 D Deborah
48%
55 J Jacqueline
48%
86 E Evelyn
47%
32 M Martha
47%
82 D Denise
46%
78 S Sally
46%
52 W Wanda
46%
23 C Cynthia
45%
74 D Doris
45%
30 G Gloria
43%
70 S Sheila
40%
33 B Bonnie
39%
60 E Elaine
39%
56 R Rita
37%
29 C Cheryl
36%
41 P Peggy
36%
92 I Irene
35%
83 L Lois
35%
37 B Marilyn
34%
89 M Maureen
34%
62 S Sherry
34%
97 S Sylvia
34%
43 V Virginia
34%
31 B Beverly
33%
76 L Lynn
31%
53 P Phyllis
31%
91 E Eileen
30%
44 C Connie
29%
61 V Vicki
27%
79 D Darlene
26%
99 A Anita
25%
42 G Gail
24%
77 M Marcia
21%
68 M Marsha
21%
96 R Roberta
21%
100 S Sue
20%
85 C Constance
16%
87 G Glenda
16%
No matching quizzes found
Score Distribution
Percent of People with Each Score
Percentile by Number Answered
Your Score History
You have not taken this quiz